| 000 | 00387nam a22001457a 4500 | ||
|---|---|---|---|
| 005 | 20170831105442.0 | ||
| 008 | 170831b xxu||||| |||| 00| 0 eng d | ||
| 040 | _cPK-LaUMT | ||
| 082 |
_aRHC 891.4393 _bTAR-U |
||
| 100 | _aTariq Ismail Sagar | ||
| 245 |
_aUsama bin Ladin/ _cTariq Ismail Sagar |
||
| 260 |
_aلاہور: _bساگر پبلشرز، _c1998 |
||
| 300 | _a216 ص | ||
| 942 | _cBK | ||
| 999 |
_c97857 _d97857 |
||